| 000 | 00887nam a2200277Ia 4500 | ||
|---|---|---|---|
| 003 | OSt | ||
| 005 | 20220930093028.0 | ||
| 006 | a|||||r|||| 00| 0 | ||
| 007 | ta | ||
| 008 | 220926b |||||||| |||| 00| 0 eng d | ||
| 024 | _a28398 | ||
| 037 | _cTheses | ||
| 040 |
_aCRL _cCRL _beng |
||
| 041 |
_2eng _aeng |
||
| 100 |
_aKumar Aniket _9550433 |
||
| 110 |
_aUinversity of Delhi. Faculty of Science. Environmental Studies _9550434 |
||
| 245 | 0 | _aDiversity and distribution of diatoms of high altitude himalayan lakes and streams | |
| 260 | _c2015 | ||
| 300 |
_axxix, 172 _ap. _ccm. |
||
| 650 |
_a HIMALAYAN LAKES _9550435 |
||
| 650 |
_aDIVERSITY _9550436 |
||
| 700 |
_a Pandit Maharaj K. Gu. _9547086 |
||
| 700 |
_aUinversity of Delhi. Faculty of Science. Environmental Studies _9550437 |
||
| 942 |
_cDIS _2CC |
||
| 999 |
_c884691 _d884691 |
||